Condados de Irlanda (mapa) - Estadísticas

Estadísticas generales
  • Esta prueba ha sido intentada 99 veces
  • La puntuación promedio es 13 de 26
Respuestas en el mapa
Las respuestas están codificadas por una escala verde-roja en el mapa de la prueba según el % correcto abajo.
 
Estadísticas de respuestas
Respuesta % Correcto
Dublin
100%
Cork
94%
Galway
74%
Limerick
69%
Mayo
66%
Kilkenny
60%
Sligo
60%
Waterford
58%
Donegal
56%
Kerry
53%
Wexford
52%
Roscommon
47%
Meath
45%
Kildare
44%
Westmeath
44%
Wicklow
44%
Leitrim
42%
Cavan
40%
Clare
39%
Tipperary
39%
Offaly
37%
Carlow
35%
Monaghan
35%
Laois
32%
Louth
32%
Longford
31%
No se encontraron pruebas coincidentes
Distribución de puntuación
Porcentaje de gente con cada puntuación
Porcentaje por número respondido
Historial de tus puntuaciones
No has intentado esta prueba.